|
|
|
|
| LEADER |
01362ppm a22002898a 4500 |
| 001 |
00026838 |
| 005 |
20171026081025.0 |
| 008 |
110831s2009 ||||||viesd |
| 041 |
0 |
# |
|a vie
|
| 082 |
1 |
4 |
|a 630
|b T450CH
|
| 100 |
1 |
# |
|a Đỗ, Thị Lê Hà
|
| 245 |
1 |
0 |
|a Tổ chức giờ học môn Công nghệ 7 theo hướng tích cực bằng phương pháp thảo luận nhóm ở trường trung học cơ sở Võ Thị Sáu
|b Khóa luận tốt nghiệp : Sư phạm KTNN - KTGĐ: Trình độ : Cao đẳng
|c Đỗ Thị Lê Hà; Trần Đức Tường hướng dẫn
|
| 260 |
# |
# |
|a Đồng Tháp
|b Trường Đại học Đồng Tháp
|c 2009
|
| 300 |
# |
# |
|a 49 tr.
|c 30 cm.
|b bảng, hình ảnh
|
| 500 |
# |
# |
|a ĐTTS ghi: Bộ Giáo dục và Đào tạo. Trường Đại học Đồng Tháp
|
| 504 |
# |
# |
|a Phụ lục : 6 tr.
|
| 650 |
|
|
|a Phương pháp giảng dạy
|z Trường trung học cơ sở Võ Thị Sáu
|
| 653 |
# |
# |
|a Công nghệ
|
| 653 |
# |
# |
|a Lớp 7
|
| 700 |
1 |
# |
|a Trần, Đức Tường
|e hướng dẫn
|
| 852 |
# |
# |
|b Kho đọc
|j KD.0011556
|
| 852 |
# |
# |
|j KD.0011556
|
| 910 |
# |
# |
|a Ntuyet
|d 31/08/2011
|
| 980 |
# |
# |
|a Trung tâm Học liệu Lê Vũ Hùng, Trường Đại học Đồng Tháp
|